<?xml version="1.0" encoding="UTF-8"?>
<collection xmlns="http://www.loc.gov/MARC21/slim">
 <record>
  <leader>01204ppm a22003018a 4500</leader>
  <controlfield tag="001">00036432</controlfield>
  <controlfield tag="005">20171026081025.0</controlfield>
  <controlfield tag="008">170302s2014                  ||||||Viesd</controlfield>
  <datafield tag="041" ind1="0" ind2="#">
   <subfield code="a">Vie</subfield>
  </datafield>
  <datafield tag="082" ind1="1" ind2="4">
   <subfield code="a">895.922 300 9</subfield>
   <subfield code="b">Đ113TR</subfield>
  </datafield>
  <datafield tag="100" ind1="1" ind2="#">
   <subfield code="a">Đặng, Thị Diễm Tiên</subfield>
  </datafield>
  <datafield tag="245" ind1="0" ind2="0">
   <subfield code="a">Đặc trưng nghệ thuật truyện ngắn Phạm Hổ (Qua tập truyện cười vợ lẻ)</subfield>
   <subfield code="b">Luận văn thạc Ngữ Văn. Chuyên ngành: Văn học Việt Nam. Mã số: 60 22 01 21</subfield>
   <subfield code="c">Đặng Thị Diễm Tiên; Đinh Trí Dũng (hướng dẫn)</subfield>
  </datafield>
  <datafield tag="260" ind1="#" ind2="#">
   <subfield code="a">Vinh</subfield>
   <subfield code="b">Đại học Vinh</subfield>
   <subfield code="c">2014</subfield>
  </datafield>
  <datafield tag="300" ind1="#" ind2="#">
   <subfield code="a">115tr.</subfield>
   <subfield code="c">30cm.</subfield>
  </datafield>
  <datafield tag="500" ind1="#" ind2="#">
   <subfield code="a">ĐTTTS ghi: Bộ giáo dục và đào tạo. Đại học Vinh</subfield>
  </datafield>
  <datafield tag="653" ind1="#" ind2="#">
   <subfield code="a">Luận văn</subfield>
  </datafield>
  <datafield tag="653" ind1="#" ind2="#">
   <subfield code="a">Nghiên cứu văn học</subfield>
  </datafield>
  <datafield tag="653" ind1="#" ind2="#">
   <subfield code="a">Đặc Điểm</subfield>
  </datafield>
  <datafield tag="653" ind1="#" ind2="#">
   <subfield code="a">Văn học Việt Nam</subfield>
  </datafield>
  <datafield tag="653" ind1="#" ind2="#">
   <subfield code="a">Nghệ Thuật</subfield>
  </datafield>
  <datafield tag="700" ind1="1" ind2="#">
   <subfield code="e">Hướng dẫn</subfield>
   <subfield code="a">Đinh Trí Dũng</subfield>
  </datafield>
  <datafield tag="852" ind1="#" ind2="#">
   <subfield code="j">LV.0001061</subfield>
  </datafield>
  <datafield tag="852" ind1="#" ind2="#">
   <subfield code="b">Kho đọc SĐH</subfield>
   <subfield code="j">LV.0001061</subfield>
  </datafield>
  <datafield tag="910" ind1=" " ind2=" ">
   <subfield code="d">02/03/2017</subfield>
  </datafield>
  <datafield tag="980" ind1="#" ind2="#">
   <subfield code="a">Trung tâm Học liệu Lê Vũ Hùng, Trường Đại học Đồng Tháp</subfield>
  </datafield>
 </record>
</collection>
